Datum a čas kvízu
28.5
Celkem bodů
Celkový počet nahraných bodů na tomto kvízu bez doplňovacích otázek.
6.
Pořadí na kvízu
Konečné umístění týmu na tomto kvízu.
Zaznamenané odpovědi
| # | Otázka | Odpověď | Body | Výsledky |
|---|---|---|---|---|
| 1. | Naposledy jsme ho mohli v Česk... | sníh | 0 | |
| 2. | Jedna z evropských zemí si min... | ve Švédsku | 1 | |
| 3. | Oblíbený animovaný seriál půvo... | Jen počkej, zajíci! | 1 | |
| 4. | Premiér v demisi Andrej Babiš... | horu Říp | 0 | |
| 5. | Prohrávat 0:2, dostat červenou... | Slovácko | 1 | |
| 6. | Vítězné téma facebookového hla... | Dařbuján a Pandrhola | 0 | |
| 7. | Další otázka se bude týkat zná... | Hannibal Lecter | 1 | |
| 8. | V roce 2000 se režisér F. A. B... | 1D 2A 3C 4B | 1 | |
| 9. | „Jedno vám teda povim bejt idi... | Forrest Gump | 1 | |
| 10. | Podle knih Stephena Kinga byly... | 1B 2A 3D 4C | 1 |